Random sample analysis : motives and goals in university studies /

Saved in:
Bibliographic Details
Main Author: Wankowski, J. A. (Janislaw Adam), 1919-
Format: Book
Language:English
Published: Birmingham : University of Birmingham Educational Counselling Service, 1978.
Edition:2nd ed.
Subjects:
LEADER 01165nam a2200301 a 4500
001 c000215567
003 CARM
005 20060627132108.0
008 810331s1978 enk 000 0 eng d
019 1 |a 41358302  |5 LACONCORD2021 
020 |a 0704403056 (spiral) 
035 |a (OCoLC)225016913  |5 LACONCORD2021 
040 |a VCAV  |c VCAV 
043 |a e-ukewm 
082 0 4 |a 378.1664  |2 22 
100 1 |a Wankowski, J. A.  |q (Janislaw Adam),  |d 1919- 
245 1 0 |a Random sample analysis :  |b motives and goals in university studies /  |c J.A. Wankowski. 
250 |a 2nd ed. 
260 |a Birmingham :  |b University of Birmingham Educational Counselling Service,  |c 1978. 
300 |a ii, 55, 42 leaves ;  |c 30 cm. 
500 |a Previous ed.: 1970. 
504 |a Bibliography: leaf 55. 
610 2 0 |a University of Birmingham  |x Students. 
650 0 |a Motivation in education  |v Case studies. 
650 0 |a Academic achievement  |v Case studies. 
852 8 |b CARM  |h A2:AE25H0  |i F00744  |p 0269507  |f BK 
999 f f |i 80f9ff2b-7739-5235-82b9-346b4ae1cd45  |s d2ac087c-ef4d-50ec-873b-50d2aa08158b 
952 f f |p Can circulate  |a CAVAL  |b CAVAL  |c CAVAL  |d CARM 1 Store  |e F00744  |f A2:AE25H0  |h Other scheme  |i book  |m 0269507